000 01488cam a2200349Ka 4500
001 8112819
003 ARRUPE
005 20140612140022.0
006 m d
007 cr bn||||||abp
007 cr bn||||||ada
008 100712s1907 enkc o 000 0 eng d
035 _a(OCoLC)ocn647261060
035 _a(OCoLC)647261060
040 _aOCLCE
_beng
_cOCLCE
049 _aZCUA
050 4 _aPR9863
_b.C7
082 0 4 _a821.08
_bC885
100 _aCrouch, Edward H.
_910943
245 0 2 _aA Treasury of South African poetry and verse
_cEdward Heath Crouch.
_bcollected from various sources and arranged
260 _aLondon :
_bW. Scott Pub. Co.,
_c1907.
300 _axviii, [2], 278 p. :
_bport. ;
_c19 cm.
506 _3Use copy
_fRestrictions unspecified
_2star
_5MiAaHDL
533 _aElectronic reproduction.
_b[S.l.] :
_cHathiTrust Digital Library,
_d2010.
538 _aMaster and use copy. Digital master created according to Benchmark for Faithful Digital Reproductions of Monographs and Serials, Version 1. Digital Library Federation, December 2002.
_uhttp://purl.oclc.org/DLF/benchrepro0212
583 1 _adigitized
_c2010
_hHathiTrust Digital Library
_lcommitted to preserve
_2pda
_5MiAaHDL
650 0 _aSouth African poetry (English)
_910944
700 1 _aCrouch, Edward Heath,
_ecomp.
_910945
776 1 _cOriginal
_w(OCoLC)10634579
856 4 0 _3HathiTrust Digital Library
_uhttp://catalog.hathitrust.org/api/volumes/oclc/10634579.html
942 _2lcc
_cSPC
999 _c120741
_d120741